Rice post-harvest technology (Record no. 8737)
[ view plain ]
| 000 -LEADER | |
|---|---|
| fixed length control field | 00259nam a22001217a 4500 |
| 040 ## - CATALOGING SOURCE | |
| Transcribing agency | SK |
| 082 ## - DEWEY DECIMAL CLASSIFICATION NUMBER | |
| Classification number | 633 |
| 100 ## - MAIN ENTRY--AUTHOR NAME | |
| Personal name | សុក គន្ធី |
| 245 ## - TITLE STATEMENT | |
| Title | Rice post-harvest technology |
| 260 ## - PUBLICATION, DISTRIBUTION, ETC. (IMPRINT) | |
| Place of publication | JAPEN |
| Name of publisher | សុក |
| Year of publication | 1995 |
| 300 ## - PHYSICAL DESCRIPTION | |
| Number of Pages | 566p. |
| 942 ## - ADDED ENTRY ELEMENTS (KOHA) | |
| Koha item type | សៀវភៅភាសាអង់គ្លេស |
| 952 ## - LOCATION AND ITEM INFORMATION (KOHA) | |
| Withdrawn status [LOCAL, KOHA] | 0 |
| Koha item type | Barcode | Lost status | Permanent Location | Current Location | Date acquired | Full call number |
|---|---|---|---|---|---|---|
| សៀវភៅភាសាអង់គ្លេស | RUA045693 | Library Block C | Library Block C | 2016-08-11 | 633 សុក 1995 C233 |